| 000 | 00637nam a22002297a 4500 | ||
|---|---|---|---|
| 003 | OSt | ||
| 005 | 20170202144101.0 | ||
| 008 | 170202b xxu||||| |||| 00| 0 eng d | ||
| 020 | _a 978-0443072178 | ||
| 020 | _a0449072175 | ||
| 040 | _cDMLN | ||
| 082 | _aWU100 H351l 2002 | ||
| 100 |
_aHeap, Michael; Aravind, Kottiyattil K. _911488 |
||
| 245 | _aHartland's Medical and Dental Hypnosis | ||
| 250 | _a4th ed. | ||
| 260 | _aEdinburgh; Churchill, 2002 | ||
| 300 | _axix,519p; ill: 23cm | ||
| 504 | _aReferences, & index included | ||
| 650 |
_aDental Hypnosis _911489 |
||
| 650 |
_aDental proceedures _911490 |
||
| 942 |
_2z _cO_SHELF |
||
| 999 |
_c5507 _d5507 |
||